Swimming Against the Tide: (Record no. 191198)

MARC details
000 -LEADER
fixed length control field 00638nam a22001817a 4500
005 - DATE AND TIME OF LATEST TRANSACTION
control field 20220823104142.0
010 ## - LCCN (DPL NO)
LC control number ENG-134535
020 ## - INTERNATIONAL STANDARD BOOK NUMBER
International Standard Book Number 9789391370527
Terms of availability 595.00
035 ## - SYSTEM CONTROL NUMBER
System control number EN-118067
037 ## - SOURCE OF ACQUISITION
Source of stock number/acquisition DBAD/PUB
082 ## - DEWEY DECIMAL CLASSIFICATION NUMBER
Classification number 797.2092
100 ## - MAIN ENTRY--PERSONAL NAME
Personal name Prathigudupu, Madhavi Latha
245 ## - TITLE STATEMENT
Title Swimming Against the Tide:
Remainder of title True Story of Para Swimmer Madhavi Latha/
Statement of responsibility, etc Madhavi Latha Prathigudupu
260 ## - PUBLICATION, DISTRIBUTION, ETC. (IMPRINT)
Place of publication, distribution, etc New Delhi
Name of publisher, distributor, etc Sage Publication Indian Pvt Ltd
Date of publication, distribution, etc 2021
270 ## - ADDRESS
Address B1/I-I Mohan Cooperative Industrial Area Mathura Road
City New Delhi
Postal code 110044
300 ## - PHYSICAL DESCRIPTION
Extent xiii, 331p.
Dimensions 22cm(pbk)
942 ## - ADDED ENTRY ELEMENTS (KOHA)
Source of classification or shelving scheme Dewey Decimal Classification
Item type English Books
Classification part 797.2092
Call number suffix PRA
Holdings
Withdrawn status Lost status Not for loan Collection code Home library Current library Date acquired Source of acquisition Cost, normal purchase price Full call number Barcode Copy number Cost, replacement price Koha item type
      Non-fiction Ashok Vihar Ashok Vihar 23/08/2022 DBAD/PUB 595.00 797.2092 PRA EN-118067 1 595.00 English Books

© Delhi Public Library
Hit Counter
free hit counter